Страны, столицы которых не являются их крупнейшими городами - Statistics

General Stats
  • This quiz has been taken 24 times
  • The average score is 17 of 32
Answer Stats
Страна % Correct
Австралия (Сидней)
94%
Соединённые Штаты Америки (Нью-Йорк)
94%
Бразилия (Сан-Паулу)
88%
Канада (Торонто)
88%
Китай (Чунцин)
88%
Казахстан (Алматы)
81%
Объединённые Арабские Эмираты (Дубай)
75%
Турция (Стамбул)
69%
Южно-Африканская Республика (Йоханнесбург)
69%
Марокко (Касабланка)
63%
Вьетнам (Хошимин)
56%
Швейцария (Цюрих)
56%
Нигерия (Лагос)
50%
Пакистан (Карачи)
50%
Мьянма (Янгон)
44%
Новая Зеландия (Окленд)
44%
Сирия (Алеппо)
44%
Белиз (Белиз-Сити)
38%
Бурунди (Бужумбура)
38%
Гамбия (Серекунда)
38%
Лихтенштейн (Шан)
38%
Палау (Корор)
38%
Танзания (Дар-эс-Салам)
38%
Шри-Ланка (Коломбо)
38%
Эквадор (Гуаякиль)
38%
Мальта (Биркиркара)
31%
Науру (Денигомоду)
31%
Сан-Марино (Серравалле)
31%
Экваториальная Гвинея (Бата)
31%
Эсватини (Манзини)
31%
Тринидад и Тобаго (Чагуанас)
25%
Федеративные Штаты Микронезии (Вено)
25%
No matching quizzes found
Score Distribution
Percent of People with Each Score
Percentile by Number Answered
Your Score History
You have not taken this quiz